The theory of games and linear programming.

Guardado en:
Autor Principal: Vajda, S.
Formato: Libro
Idioma:English
Publicado: London : New York : Methuen ; Wiley, [1956]
Series:Methuen's monographs on physical subjects
Materias:
Etiquetas: Agregar Etiqueta
Sin Etiquetas, Sea el primero en etiquetar este registro!
LEADER 00640cam a22002051a 4500
001 MAT.inmabb005396
008 730103s1956####enka##########000#0#eng##
005 20130228105814.0
245 1 4 |a The theory of games and linear programming. 
260 |a London :  |b Methuen ;  |a New York :  |b Wiley,  |c [1956] 
300 |a 106 p. :  |b il. ;  |c 18 cm. 
440 0 |a Methuen's monographs on physical subjects 
510 4 |a MR,  |c 19,231e 
100 1 |a Vajda, S. 
650 0 |a Game theory. 
650 0 |a Linear programming. 
084 |a 91-01 (90-01)  |2 msc2000 
010 |a  56002821  
040 |a DLC  |c ODaWU  |d OCoLC  |d Uk  |d DLC 
859 |h 91  |i V133  |p A-1019  |b BIB. MATEMATICA